Train wreck : the life and death of Anna Nicole ... Read More
Available copies
- 1 of 1 copy available at LARL/NWRL Consortium.
- 1 of 1 copy available at Lake Agassiz Regional Library. (Show preferred library)
Current holds
0 current holds with 1 total copy.
Show Only Available Copies
| Location | Call Number / Copy Notes | Barcode | Shelving Location | Status | Due Date |
|---|---|---|---|---|---|
| Crookston Public Library | 921 SMI (Text) | 33500009235185 | Main | Available | - |
Record details
- ISBN: 9781597775403
- ISBN: 1597775401
- Physical Description: xii, 248 p., [20] p. of plates : ill. (some col.), ... Read More
- Publisher: Beverly Hills, CA : Pnoenix Books, c2007.
Search for related items by subject
| Subject: | Smith, Anna Nicole. Celebrities > Biography. Texas > Biography. |
| LDR | 01147nam a2200301Ia 4500 | ||
|---|---|---|---|
| 001 | 79052 | ||
| 003 | LARL_NWRL_CONSORTIUM | ||
| 005 | 20070411084335.0 | ||
| 008 | 070323s2007 cauafj 000 0beng d | ||
| 020 | . | ‡a9781597775403 | |
| 020 | . | ‡a1597775401 | |
| 035 | . | ‡a(OCoLC)86117579 | |
| 040 | . | ‡aNVC ‡cNVC ‡dBAKER | |
| 043 | . | ‡an-us-tx | |
| 090 | . | ‡aCT275.S52415 ‡bH64 2007 | |
| 100 | 1 | . | ‡aHogan, Donna. ‡0(LARL_NWRL_CONSORTIUM)212858 |
| 245 | 1 | 0. | ‡aTrain wreck : ‡bthe life and death of Anna Nicole Smith / ‡cby Donna Hogan ; as told to Henrietta Tiefenthaler. |
| 260 | . | ‡aBeverly Hills, CA : ‡bPnoenix Books, ‡cc2007. | |
| 300 | . | ‡axii, 248 p., [20] p. of plates : ‡bill. (some col.), geneal. table ; ‡c24 cm. | |
| 600 | 1 | 0. | ‡aSmith, Anna Nicole. ‡0(LARL_NWRL_CONSORTIUM)154488 |
| 650 | 0. | ‡aCelebrities ‡vBiography. ‡0(LARL_NWRL_CONSORTIUM)164144 | |
| 651 | 0. | ‡aTexas ‡vBiography. ‡0(LARL_NWRL_CONSORTIUM)168902 | |
| 700 | 1 | . | ‡aTiefenthaler, Henrietta. ‡0(LARL_NWRL_CONSORTIUM)211427 |
| 901 | . | ‡a79052 ‡bOCLC ‡c79052 ‡tbiblio | |

Add to basket
Permalink
Disable Highlighting